| 000 | 01485cam a2200361 i 4500 | ||
|---|---|---|---|
| 001 | 19193780 | ||
| 005 | 20230221121640.0 | ||
| 008 | 160727s2015 enk b 001 0 eng d | ||
| 010 | _a 2016429212 | ||
| 020 | _a9780190210755 | ||
| 020 | _a1849043418 | ||
| 035 | _a(OCoLC)ocn902759603 | ||
| 040 |
_aYDXCP _beng _cYDXCP _erda _dUAB _dDLC |
||
| 042 | _alccopycat | ||
| 043 |
_aa-cc--- _aa-pk--- |
||
| 050 | 0 | 0 |
_aDS740.5.P18 _bS63 2015b |
| 082 | 0 | 4 |
_a327.5105491, SMA _223 |
| 100 | 1 |
_aSmall, Andrew, _eauthor. _9109332 |
|
| 245 | 1 | 4 |
_aThe China-Pakistan axis : _bAsia's new geopolitics / _cAndrew Small. |
| 264 | 1 |
_aOxford ; _aNew York : _bOxford University Press, _c[2015] |
|
| 300 |
_axvi, 319 pages ; _c23 cm |
||
| 336 |
_atext _btxt _2rdacontent |
||
| 337 |
_aunmediated _bn _2rdamedia |
||
| 338 |
_avolume _bnc _2rdacarrier |
||
| 504 | _aA Friendship Forged by War (Page-1), Nuclear Fusion (Page-27), Re-hyphenating India (Page-47), The Chinese War on Terror (Page-67), The Trade Across the Roof of the World (Page-93), Tea with the Taliban (Page-117), Lord, Make them Leave- But Not Yet (Page-145). | ||
| 650 | 0 |
_aGeopolitics _zPakistan. _9109333 |
|
| 651 | 0 |
_aChina _xForeign relations _zPakistan. _910160 |
|
| 651 | 0 |
_aPakistan _xForeign relations _zChina. _910159 |
|
| 651 | 0 |
_aPakistan _xStrategic aspects. _92023 |
|
| 906 |
_a7 _bcbc _ccopycat _d3 _encip _f20 _gy-gencatlg |
||
| 942 |
_2ddc _cBK |
||
| 999 |
_c593391 _d593391 |
||